| 000 | 01478nam a2200349 a 4500 | ||
|---|---|---|---|
| 003 | BLK | ||
| 005 | 20240124130656.0 | ||
| 008 | 180412b bul|||||r ||||||| ||bul|| | ||
| 010 | _aKNG00004980000 | ||
| 020 | _a954-524-091-1 | ||
| 040 | _aBLK | ||
| 041 |
_aBUL _cBUL |
||
| 080 |
_aБългарски език _b811.163.2 _x-085(075.8) _z811.163.2-085(075.8) |
||
| 139 |
_aСтанева, Христина Иванова _bC 68 |
||
| 245 | 1 | 0 |
_aСтилистика на съвременния български книжовен език _bУч. помагало за студентите от Великотърновския унив. Св. св. Кирил и Методий _cсъстав. Христина Иванова Станева. |
| 257 | _aBGR | ||
| 260 |
_aВ. Търново _bУнив. изд. Св. св. Кирил и Методий _c1994 |
||
| 300 |
_a244 с. _c21 см |
||
| 380 | _a80 | ||
| 650 | 4 |
_aБългарски език - стилистика - учебници за ВУЗ _9247916 |
|
| 653 | _aстилистика | ||
| 653 | _aбългарски език | ||
| 653 | _aучебници за ВУЗ | ||
| 700 | 1 |
_aСтанева, Христина Иванова _eсъстав. _9247915 |
|
| 852 |
_aЦб 179219 _bЦб |
||
| 856 | 4 |
_qpdf _u |
|
| 856 | 4 |
_qpdf _u |
|
| 942 |
_cKNG _n0 |
||
| 944 |
_aCR _c15.01.2003 _k30534 _lРадостина Карадакова |
||
| 944 |
_aED _c26.02.2018 _kСимона_Петрова |
||
| 999 |
_c3860 _d3860 |
||
| 999 | _d3860 | ||